English Football Teams with "ton" in their name - Statistics

General Stats
  • This quiz has been taken 95 times
  • The average score is 8 of 15
Answer Stats
League Answer % Correct
P Everton
89%
P Southampton
86%
P Brighton
79%
P Wolverhampton Wanderers
71%
2 Northampton
64%
P Aston Villa
63%
1 Bolton
57%
1 Charlton
51%
C Luton
49%
1 Accrington Stanley
47%
C Preston
43%
1 Burton
33%
2 Leyton Orient
24%
1 Milton Keynes Dons
17%
2 Sutton
13%
No matching quizzes found
Score Distribution
Percent of People with Each Score
Percentile by Number Answered
Your Score History
You have not taken this quiz